000 00499nam a2200193 i 4500
001 bg
100 1 _aJAMSA, Kris
245 0 _aTurbo Pascal :
_bprogrammer's library /
_cKris Jamsa, Steven Nameroff.
260 _aBerkeley :
_bBorland-Osborne :
_bMcGraw-Hill,
_c1987.
650 9 _aPascal
700 1 _aNAMEROFF, Steven
020 _a0078812860
040 _cBPK
041 _apol
080 _a004.438
920 _a0-07-881286-0
942 _cKS
008 s pl f |000 0 pol
999 _c23883
_d23883